| 000 | 03435cam a2200349 i 4500 | ||
|---|---|---|---|
| 001 | 768714001 | ||
| 003 | CO-MdFUSB | ||
| 005 | 20220418102251.0 | ||
| 007 | ta | ||
| 008 | 070907t2007 inu b 001 0 eng | ||
| 020 | _a1575061414 | ||
| 040 |
_aDLC _beng _cCO-MdFUSB _dYDX _dYDXCP _dOrLoB-B _erda |
||
| 041 | _aeng | ||
| 082 |
_223 _a222.1106 _bM595 |
||
| 100 | 1 |
_aMettinger, Tryggve N. D. _eautor |
|
| 245 | 1 | 4 |
_aThe Eden narrative : _ba literary and religio-historical study of Genesis 2-3 _c/ Tryggve N. D. Mettinger. |
| 264 | 1 |
_aWinona Lake, Ind. : _bEisenbrauns, _c[2007] |
|
| 264 | 1 | _c© 2007 | |
| 300 |
_a165 páginas ; _c24 cm. |
||
| 336 |
_atexto _btxt _2rdacontent. |
||
| 337 |
_asin mediación _bn _2rdamedia. |
||
| 338 |
_avolumen _bnc _2rdacarrier. |
||
| 504 | _aIncluye referencias bibliográficas (páginas 136-155) e índices. | ||
| 505 | _aAnálisis narratológico del relato del Edén -- El tema del relato del Edén -- Género y función del relato del Edén -- Rastros de una tradición : el mito adámico en Ezequiel -- Sabiduría e inmortalidad en Adapa y Gilgamesh -- Síntesis. | ||
| 520 | 1 | _aEn un libro marcado por un estilo académico inusualmente legible, Mettinger transforma nuestro conocimiento de la historia del Edén en Génesis. Nos muestra una historia centrada en una prueba divina de la obediencia humana, con la desobediencia humana y sus consecuencias como tema principal. Ambos árboles especiales en Edén tenían una función: el árbol del conocimiento como el caso de prueba y el árbol de la vida como la recompensa potencial por la obediencia. Mettinger adopta un enfoque de dos niveles. En un movimiento sincrónico, realiza un análisis literario que arroja impactantes observaciones sobre la narratología, el tema y el género del texto estudiado. Define el género como mito y somete la narración a un análisis funcional. Luego aplica un enfoque diacrónico y presenta una reconstrucción histórico-tradicional de un mito adámico en Ezequiel 28. La presencia tanto de la sabiduría como de la inmortalidad en este mito lleva a una discusión sobre estas prerrogativas divinas en la literatura mesopotámica (recordemos a Adapa y Gilgamesh). Las dos prerrogativas demarcaron un límite ontológico entre las esferas divina y humana. Sin embargo, la Narrativa del Edén no evalúa negativamente el deseo humano de obtener conocimiento o sabiduría. Este libro, una obra de investigación fresca y original en formato accesible, es ideal para cursos sobre la creación, la historia primitiva, la Biblia y la literatura, y la Biblia y el antiguo Cercano Oriente. la Narrativa del Edén no evalúa negativamente el deseo humano de obtener conocimiento o sabiduría. Este libro, una obra de investigación fresca y original en formato accesible, es ideal para cursos sobre la creación, la historia primitiva, la Biblia y la literatura, y la Biblia y el antiguo Cercano Oriente. la Narrativa del Edén no evalúa negativamente el deseo humano de obtener conocimiento o sabiduría. Este libro, una obra de investigación fresca y original en formato accesible, es ideal para cursos sobre la creación, la historia primitiva, la Biblia y la literatura, y la Biblia y el antiguo Cercano Oriente. | |
| 563 | _aPasta dura | ||
| 630 | 7 |
_aBiblia. _pGénesis _xCrítica, interpretación, etc. |
|
| 653 | _aEdén | ||
| 942 | _cBK | ||
| 945 | _aJTF-925 | ||
| 999 |
_c67460 _d67460 |
||